Party In the CIA - Weird Al Yankovic (All Lyrics) - Statistics

General Stats
  • This quiz has been taken 60 times
  • The average score is 219 of 365
Answer Stats
Lyrics % Correct
I
100%
the
100%
a
98%
in
98%
to
88%
an
86%
and
86%
And
86%
CIA
86%
my
86%
My
86%
party
86%
so
86%
So
86%
me
83%
when
81%
on
79%
some
76%
We
76%
we
76%
it's
74%
Langley
74%
like
74%
Like
74%
Who
74%
yeah
74%
Yeah,
74%
yeah)
74%
plain
71%
simple
71%
that
71%
That
71%
With
71%
with
71%
dream
69%
he
69%
their
69%
then
69%
was
69%
got
67%
Got
67%
recently
67%
black
64%
infiltrate
64%
out
64%
Where
64%
you
64%
You
64%
moved
62%
kill
60%
need
60%
Need
60%
regime
60%
topple
60%
cloak
57%
dagger
57%
get
57%
have
57%
know
57%
place
57%
Wanna
57%
water
57%
basis
55%
but
55%
everything's
55%
men
55%
of
55%
silencer
55%
third-world
55%
be
52%
matching
52%
put
52%
state
52%
swagger
52%
earpiece
50%
files
50%
head
50%
list
50%
plan
50%
suitcases
50%
sunglasses
50%
Those
50%
your
50%
Agents
48%
boarding
48%
even
48%
For
48%
up
48%
wasn't
48%
all
45%
cyanide
45%
dark
45%
dental
45%
FBI
45%
hands
45%
No
45%
no
45%
pills
45%
than
45%
Well,
45%
We'll
45%
another
43%
I'm
43%
mission
43%
session
43%
That's
43%
weapon
43%
why
43%
assassinate
40%
better
40%
Better
40%
classified
40%
coup
40%
dismissed
40%
drawn
40%
Everyone's
40%
gone
40%
had
40%
red
40%
Shreddin'
40%
suits
40%
(suits
40%
we're
40%
(we're
40%
will
40%
world
40%
alert
38%
almost
38%
buddy,
38%
Burn
38%
confession?
38%
gonna
38%
gotten
38%
I'd
38%
I'll
38%
I've
38%
microfilm
38%
radio
38%
start
38%
tell
38%
terminate
38%
things
38%
undercover
38%
van
38%
couple
36%
crazy
36%
done
36%
folks
36%
okay
36%
okay)
36%
quickie
36%
ties
36%
ties)
36%
torture
36%
walked
36%
You're
36%
(you're
36%
away
33%
away)
33%
break
33%
by
33%
country
33%
day
33%
don't
33%
dossier
33%
From
33%
guys
33%
guys)
33%
handcuffs
33%
him
33%
kinda
33%
laser
33%
ops
33%
Or
33%
over
33%
probably
33%
really
33%
snazzy
33%
them
33%
we've
33%
We've
33%
wishin'
33%
you'll
33%
Brainwashin'
31%
came
31%
dictator
31%
later
31%
Look
31%
moles
31%
nervous
31%
neutralize
31%
only
31%
right
31%
sights
31%
spies
31%
today
31%
American
29%
blown
29%
(blown
29%
Bombay
29%
earth
29%
else
29%
enemy
29%
feelin'
29%
further,
29%
going
29%
Kazakhstan
29%
leaks
29%
our
29%
phones
29%
Pluggin'
29%
scum
29%
South
29%
Tappin'
29%
destabilized?
26%
memorized
26%
Interrogating
24%
Stagin'
24%
(stagin'
24%
hurry
17%
Payin'
17%
(stabilize)
17%
(woah)
17%
bribes
14%
taget's
5%
No matching quizzes found
Score Distribution
Percent of People with Each Score
Percentile by Number Answered
Your Score History
You have not taken this quiz